| 000 | 00393nam a2200145Ia 4500 | ||
|---|---|---|---|
| 008 | 230917s9999||||xx |||||||||||||| ||und|| | ||
| 040 |
_e65854 _aMAIN |
||
| 041 | _aEnglish | ||
| 082 | _a891.2109 R118S | ||
| 100 | _aRadhakrishnan, C S | ||
| 245 | 0 | _aSathavairivaibhavaprabhakara: A critical edition and study | |
| 260 |
_aDelhi _bAmar Prakashan _c1988 |
||
| 300 | _axiii, 360 p. | ||
| 942 | _cBK | ||
| 999 |
_c62542 _d62542 |
||